书目信息 |
| 题名: |
中国国有商业银行综合改革新论
|
|
| 作者: | 余龙武 著 | |
| 分册: | ||
| 出版信息: | 北京 中国财政经济出版社 2003.03 |
|
| 页数: | 377页 | |
| 开本: | 20cm | |
| 丛书名: | ||
| 单 册: | ||
| 中图分类: | F832.33 | |
| 科图分类: | ||
| 主题词: | 商业银行--银行管理体制--经济体制改革--研究--中国 | |
| 电子资源: | ||
| ISBN: | 7-5005-6429-5 | |
| 000 | 00830nam0 2200229 450 | |
| 001 | 192004003259 | |
| 005 | 20070905160506.65 | |
| 010 | @a7-5005-6429-5@dCNY27.00 | |
| 100 | @a20070602d2003 ekmy0chiy0121 ea | |
| 101 | 0 | @achi |
| 102 | @aCN@b110000 | |
| 105 | @ay a 000yy | |
| 200 | 1 | @a中国国有商业银行综合改革新论@Azhong guo guo you shang ye yin hang zong he gai ge xin lun@f余龙武著 |
| 210 | @a北京@c中国财政经济出版社@d2003.03 | |
| 215 | @a377页@d20cm | |
| 320 | @a有书目 (第370-375页) | |
| 330 | @a本书分为上中下三篇,内容包括:上篇为国有商业银行改革的背景分析;中篇为如何推进国有商业银行综合改革;下篇为国有商业银行外部去持体系的改造与完善。 | |
| 606 | 0 | @a商业银行@x银行管理体制@x经济体制改革@x研究@y中国 |
| 690 | @aF832.33@v4 | |
| 701 | 0 | @a余龙武@Ayu long wu@4著 |
| 801 | 0 | @aCN@c20070905 |
| 905 | @dF832.33@eY763 | |
| 中国国有商业银行综合改革新论/余龙武著.-北京:中国财政经济出版社,2003.03 |
| 377页;20cm |
| ISBN 7-5005-6429-5:CNY27.00 |
| 本书分为上中下三篇,内容包括:上篇为国有商业银行改革的背景分析;中篇为如何推进国有商业银行综合改革;下篇为国有商业银行外部去持体系的改造与完善。 |
| ● |
| 相关链接 |
|
|
|
正题名:中国国有商业银行综合改革新论
索取号:F832.33/Y763
 
预约/预借
| 序号 | 登录号 | 条形码 | 馆藏地/架位号 | 状态 | 备注 |
| 1 | 616992 | 206169929 | 社科二线422/409社科库 108排1列4层/ [索取号:F832.33/Y763] | 在馆 | |
| 2 | 616993 | 206169938 | 社科库409/409社科库 54排2列4层/ [索取号:F832.33/Y763] | 在馆 | |
| 3 | 616994 | 206169947 | 社科二线422/422社科库 32排4列3层/ [索取号:F832.33/Y763] | 在馆 |